La república o el estado

Guardat en:
Dades bibliogràfiques
Autor principal: Platón (Autor)
Format: Llibre
Idioma:espanyol
Publicat: Buenos Aires Espasa-Calpe 1962
Edició:7a. ed
Col·lecció:Colección Austral, 220
Matèries:
Etiquetes: Afegir etiqueta
Sense etiquetes, Sigues el primer a etiquetar aquest registre!

MARC

LEADER 00000cam a2200000 a 4500
001 UCU4982
003 CL-VaPUC
008 960531e19620000AG |||||||||||||||||spa|d
082 0 4 |a 184  |b PLA  |2 21 
100 0 |a Platón  |e author  |9 222 
245 1 3 |a La república o el estado 
250 |a 7a. ed 
300 |a 324 p 
942 |c BK 
945 |d 19960531 00:00:00  |a rleighto 
260 |a Buenos Aires  |b Espasa-Calpe  |c 1962 
650 0 |a Filosofía antigua   |9 255705 
650 0 |a Ciencias Políticas  |9 255201 
583 |a last modification  |c 20150408 04:47:26  |k Rodrigo Vera 
490 0 |a Colección Austral, 220 
999 |c 248504  |d 248502 
952 |0 0  |1 0  |4 0  |6 184_000000000000000_PLA_1962  |7 0  |8 A  |9 265169  |a BIBDER  |b BIBDER  |d 2019-11-19  |i 3204642  |l 1  |o 184 PLA 1962  |p 3204642  |r 2023-03-20  |s 2023-03-13  |w 2019-11-19  |y BK  |k DER 
952 |0 0  |1 0  |3 erb  |4 0  |6 184_000000000000000_PLA_1962  |7 0  |8 A  |9 265170  |a BIBHIS  |b BIBHIS  |e Villagrán Garnham, Jorge  |i 5159172  |o 184 PLA 1962  |p 5159172  |r 2025-01-20  |w 2019-11-19  |y BK  |z Catalogado en:20150416  |k HIS